| 000 | 00782nam a22002177a 4500 | ||
|---|---|---|---|
| 005 | 20170607103353.0 | ||
| 008 | 090109t xxu||||| |||| 00| 0urd d | ||
| 010 | _aB-209077-B-209082 | ||
| 020 |
_c1500.00(3 Vol.set Price) _a- |
||
| 035 | _aB-209077 | ||
| 037 | _bDBAD/PUB | ||
| 040 |
_aDPL _bUrdu |
||
| 082 | _a840.9 | ||
| 100 | _aو ہا ب ا شر فی | ||
| 245 |
_a تا ر یخ ا د ب ا ر د و :ا بتد ا سے ٢٠٠٠ تک _c و ہا ب ا شر فی |
||
| 246 |
_aTareekh -e-Adab Urdu (Part-2) _bBy Wahab Ashrafi |
||
| 260 |
_aDelhi _bEducational Publishing House _c2005 |
||
| 270 |
_a3108,Gali Azizuddin Vakil, Kucha Pandit Lal Kuan _bDelhi _e110006 _k526162 |
||
| 300 |
_a1151+1912ص _c22 cm(hb) |
||
| 942 |
_2ddc _cUR _h840.9 _mو ہ ا |
||
| 999 |
_c140814 _d140814 |
||